| 000 | 00384 a2200133 4500 | ||
|---|---|---|---|
| 001 | 90328 | ||
| 082 | _a953.8 SAF | ||
| 090 |
_c42648 _d42648 |
||
| 100 | _aSafi Ur Rehman Mubarik Poori Molana | ||
| 245 |
_aTareekh e Madina Munawarra _cMolana Safi Ur Rehman Mubarak Poori _hUrdu |
||
| 260 |
_aLahore _bDar Us Salam Publishers _c2013 |
||
| 300 | _a136p. | ||
| 500 | _aGeneral Collection | ||
| 942 |
_aCAE NUST _k953.8 SAF |
||
| 999 |
_c325401 _d325401 |
||